=LDR 00000nam 2200000 4500 =001 INLIS000000000049457 =005 20230920083502 =035 ##$$a 0010-021700000000249 =008 230920###########################0###### =040 ##$$a NBPDMAT =082 ##$$a 297.21 =090 ##$$a 297.21 Arr a =100 ##$$a Muhammad Mutawali =245 1#$$a AR - RISALAH AL - AMINIYAH Ber islam menurut TGH. M .Said Amin : ( Perawi Hadis Musalsal dari syekh yasin bin Jsa Al - Fadaniy Al - Makky ) /$c Editor, Muhammad Mutawali =260 ##$$a Bima :$b IT Pres STIS Al - Ittihad Bima,$c 2013 =300 ##$$a xxvii, 105 hlm . ; $c 21 cm =650 #4$$a ILMU HADIS =700 #$$a Mukhlis Muma Leon =084 ##$$a 297.21 MUH a =990 ##$$a 21604985 =990 ##$$a 21604986 =990 ##$$a 21604987 =990 ##$$a 086/46/2017 =990 ##$$a 21604989 =990 ##$$a 086/46/2017 =990 ##$$a 21604985 =990 ##$$a 21604986 =990 ##$$a 21604987 =990 ##$$a 086/46/2017 =990 ##$$a 086/46/2017 =990 ##$$a 21604985 =990 ##$$a 21604986 =990 ##$$a 086/46/2017 =990 ##$$a 086/46/2017 =990 ##$$a 086/46/2017 =990 ##$$a 21604985 =990 ##$$a 086/46/2017 =990 ##$$a 086/46/2017 =990 ##$$a 086/46/2017 =990 ##$$a 086/46/2017 =990 ##$$a 086/46/2017 =990 ##$$a 086/46/2017 =990 ##$$a 086/46/2017 =990 ##$$a 086/46/2017